Normal view
MARC view
- Loveland, Ian
Entry Personal Name
001 - CONTROL NUMBER
- control field: 103125
003 - CONTROL NUMBER IDENTIFIER
- control field: NUST
005 - DATE AND TIME OF LATEST TRANSACTION
- control field: 20221119100738.0
008 - FIXED-LENGTH DATA ELEMENTS
- fixed length control field: 221119|| aca||aabn | a|a d
040 ## - CATALOGING SOURCE
- Original cataloging agency: NUST
- Transcribing agency: NUST
100 ## - HEADING--PERSONAL NAME
- Personal name: Loveland, Ian
670 ## - SOURCE DATA FOUND
- Source citation: Work cat.: (NUST)0: Loveland, Ian, author., Constitutional law, administrative law, and human rights :
